书目信息 |
| 题名: |
食品分析实验
|
|
| 作者: | 刘杰 主编 | |
| 分册: | ||
| 出版信息: | 北京 化学工业出版社 2009 |
|
| 页数: | 107页 | |
| 开本: | 24cm | |
| 丛书名: | ||
| 单 册: | ||
| 中图分类: | TS207.3 | |
| 科图分类: | ||
| 主题词: | 食品分析--高等教育--教材 , 食品检验--高等教育--教材 , 食品分析 , 食品检验 | |
| 电子资源: | ||
| ISBN: | 978-7-122-05631-3 | |
| 000 | 01012nam0 2200277 45 | |
| 001 | 1050905468 | |
| 005 | 20100420100412.49 | |
| 010 | @a978-7-122-05631-3@dCNY15.00 | |
| 100 | @a20100409d2009 em y0chiy50 ea | |
| 101 | 0 | @achi |
| 102 | @aCN@b110000 | |
| 105 | @ay z 000yy | |
| 106 | @ar | |
| 200 | 1 | @a食品分析实验@AShi Pin Fen Xi Shi Yan@f刘杰主编@FLiu Jie Zhu Bian |
| 210 | @a北京@c化学工业出版社@d2009 | |
| 215 | @a107页@d24cm | |
| 300 | @a普通高等教育“十一五”规划教材 | |
| 330 | @a本书参照国家有关法定标准方法,精选了食品营养成分、食品添加剂、食品中有毒有害成分及污染物等常用质量指标测定28个实验。实验方法原理包括重量法、滴定法、比色法等传统方法和气相色谱法、液相色谱法、原子吸收分光光度法、酶联免疫法等现代检测技术。 | |
| 606 | 0 | @a食品分析@x高等教育@j教材 |
| 606 | 0 | @a食品检验@x高等教育@j教材 |
| 606 | 0 | @a食品分析 |
| 606 | 0 | @a食品检验 |
| 690 | @aTS207.3@v4 | |
| 701 | 0 | @a刘杰@ALiu Jie@c(食品分析)@4主编 |
| 801 | 0 | @aCN@bTANGWEI@c20100420 |
| 905 | @b0591618-22@dTS207.3@e128@f5 | |
| 食品分析实验/刘杰主编.-北京:化学工业出版社,2009 |
| 107页;24cm |
| 普通高等教育“十一五”规划教材 |
| ISBN 978-7-122-05631-3:CNY15.00 |
| 本书参照国家有关法定标准方法,精选了食品营养成分、食品添加剂、食品中有毒有害成分及污染物等常用质量指标测定28个实验。实验方法原理包括重量法、滴定法、比色法等传统方法和气相色谱法、液相色谱法、原子吸收分光光度法、酶联免疫法等现代检测技术。 |
| ● |
| 相关链接 |
|
|
|
|
正题名:食品分析实验
索取号:TS207.3/128
 
预约/预借
| 序号 | 登录号 | 条形码 | 馆藏地/架位号 | 状态 | 备注 |
| 1 | 0591618 | 205916188 | 第二样本阅览室/ [索取号:TS207.3/128] | 在馆 | |
| 2 | 0591619 | 205916197 | 第三借阅区/ [索取号:TS207.3/128] | 在馆 | |
| 3 | 0591620 | 205916204 | 第三借阅区/ [索取号:TS207.3/128] | 在馆 | |
| 4 | 0591621 | 205916213 | 第三借阅区/ [索取号:TS207.3/128] | 在馆 | |
| 5 | 0591622 | 205916222 | 密集书库-生命科学系/ [索取号:TS207.3/128] | 在馆 |